[Event "La Pobla de Lillet op"]
[Site "La Pobla de Lillet ESP"]
[Date "2013.08.05"]
[Round "4.9"]
[White "Ruiz Bellon, M.."]
[Black "Ayza Ballester, J.."]
[Result "0-1"]
[WhiteElo "1953"]
[BlackElo "2217"]
[PlyCount "44"]
[EventDate "2013.08.02"]
[EventType "swiss"]
[EventRounds "9"]
[EventCountry "ESP"]
[SourceTitle "Ajedrez en Madrid"]
[Source "lmi"]
[SourceDate "2020.06.24"]
[SourceVersion "1"]
[SourceVersionDate "2020.06.25"]
[SourceQuality "1"]

1. e4 c5 2. Nf3 e6 3. c3 Nf6 4. Qc2 Qc7 5. Be2 d5 6. d3 Nbd7 7. O-O Bd6 8. Bg5
O-O 9. a4 b6 10. Nbd2 Bb7 11. Rac1 c4 12. g3 cxd3 13. Bxd3 h6 14. Bxf6 Nxf6 15.
Rfe1 dxe4 16. Nxe4 Be7 17. Nd4 Rad8 18. Qe2 Qb8 19. Rcd1 Qa8 20. Nb5 Nxe4 21.
Bxe4 Rxd1 22. Bxb7 Rxe1+ 0-1

[Event "La Pobla de Lillet op"]
[Site "La Pobla de Lillet ESP"]
[Date "2013.08.05"]
[Round "4.10"]
[White "Vinardell Cruañas, S.."]
[Black "Guasch Murtra, JM.."]
[Result "1-0"]
[WhiteElo "2165"]
[BlackElo "1981"]
[PlyCount "117"]
[EventDate "2013.08.02"]
[EventType "swiss"]
[EventRounds "9"]
[EventCountry "ESP"]
[SourceTitle "Ajedrez en Madrid"]
[Source "lmi"]
[SourceDate "2020.06.24"]
[SourceVersion "1"]
[SourceVersionDate "2020.06.25"]
[SourceQuality "1"]

1. e4 d5 2. exd5 Qxd5 3. Nc3 Qd8 4. d4 Nf6 5. Nf3 c6 6. Bc4 e6 7. O-O b5 8. Bd3
Be7 9. Bf4 O-O 10. Ne5 Bb7 11. a4 b4 12. Ne4 Nbd7 13. Qf3 Nxe4 14. Bxe4 Nxe5
15. Bxe5 Rc8 16. Rfd1 f5 17. Bd3 Qd5 18. Qg3 Bf6 19. Be2 Qe4 20. Bc4 Rce8 21.
Rd3 c5 22. f3 Qe2 23. Qf2 Qxf2+ 24. Kxf2 cxd4 25. Bxd4 Bxd4+ 26. Rxd4 a5 27.
Re1 Bc8 28. Re5 Rd8 29. c3 bxc3 30. bxc3 Rxd4 31. cxd4 Rd8 32. Ke3 f4+ 33. Kd3
Kf7 34. Rxa5 Kf6 35. Rc5 Bb7 36. a5 g5 37. a6 Ba8 38. Rb5 g4 39. fxg4 Bxg2 40.
g5+ Ke7 41. Rc5 Rd7 42. h4 Ra7 43. Rc8 Kd6 44. Rd8+ Ke7 45. Rh8 Kd6 46. Rd8+
Ke7 47. Rb8 Rc7 48. Rb1 f3 49. Rb7 Rxb7 50. axb7 f2 51. Ke3 Bxb7 52. Kxf2 Be4
53. Ke3 Bg6 54. Bd3 Kd6 55. Bxg6 hxg6 56. Ke4 Kd7 57. Kf4 Kd6 58. h5 gxh5 59.
g6 1-0

[Event "La Pobla de Lillet op"]
[Site "La Pobla de Lillet ESP"]
[Date "2013.08.05"]
[Round "4.24"]
[White "Tort Barenys, JJ.."]
[Black "Garcia Galeote, L.."]
[Result "0-1"]
[WhiteElo "1648"]
[BlackElo "2009"]
[PlyCount "96"]
[EventDate "2013.08.02"]
[EventType "swiss"]
[EventRounds "9"]
[EventCountry "ESP"]
[SourceTitle "Ajedrez en Madrid"]
[Source "lmi"]
[SourceDate "2020.06.24"]
[SourceVersion "1"]
[SourceVersionDate "2020.06.25"]
[SourceQuality "1"]

1. e4 b6 2. d4 Bb7 3. Nc3 e6 4. Nge2 Nf6 5. Ng3 Bb4 6. Bg5 h6 7. Bxf6 Qxf6 8.
a3 Bxc3+ 9. bxc3 O-O 10. e5 Qe7 11. Qd2 f6 12. exf6 Qxf6 13. f3 Nc6 14. Be2 Ne7
15. O-O Nd5 16. Ne4 Qg6 17. Bd3 Nf4 18. Ng3 Qg5 19. Ne4 Bxe4 20. Kh1 Bxd3 21.
cxd3 Rf5 22. g3 Nd5 23. f4 Qg4 24. Rae1 Raf8 25. c4 Nf6 26. Qg2 Rh5 27. Re5 d6
28. Rxh5 Nxh5 29. Qe4 Qh3 30. Rg1 Nf6 31. Qe2 h5 32. a4 Kh8 33. Re1 Ng4 34. Kg1
Rf6 35. Qg2 Qxg2+ 36. Kxg2 Kg8 37. h3 Nh6 38. Kf3 g5 39. Ke4 g4 40. hxg4 hxg4
41. Rg1 Nf5 42. d5 Ne7 43. dxe6 Rxe6+ 44. Kd4 c5+ 45. Kc3 Re3 46. Rh1 Rxg3 47.
Rh6 Nf5 48. Rf6 Nd4 0-1

[Event "La Pobla de Lillet op"]
[Site "La Pobla de Lillet ESP"]
[Date "2013.08.06"]
[Round "5.1"]
[White "Kovacevic, S.."]
[Black "Gomez Jurado, LA.."]
[Result "0-1"]
[WhiteElo "2337"]
[BlackElo "2297"]
[PlyCount "70"]
[EventDate "2013.08.02"]
[EventType "swiss"]
[EventRounds "9"]
[EventCountry "ESP"]
[SourceTitle "Ajedrez en Madrid"]
[Source "lmi"]
[SourceDate "2020.06.24"]
[SourceVersion "1"]
[SourceVersionDate "2020.06.25"]
[SourceQuality "1"]

1. d4 d5 2. Bf4 Nf6 3. e3 c5 4. c3 Nc6 5. Nd2 cxd4 6. exd4 Bf5 7. Ngf3 e6 8.
Qb3 Qc8 9. Ne5 Nxe5 10. Bxe5 Nd7 11. Bf4 Be7 12. Be2 O-O 13. O-O Bd8 14. c4
dxc4 15. Nxc4 Be7 16. Bd6 Bc2 17. Qxc2 Bxd6 18. Bd3 Qc7 19. Bxh7+ Kh8 20. Nxd6
Qxd6 21. Be4 Nf6 22. Bxb7 Rab8 23. Bf3 Qxd4 24. b3 Rbc8 25. Qe2 Rfd8 26. Rad1
Qc3 27. h3 g6 28. Rxd8+ Rxd8 29. Rd1 Rxd1+ 30. Qxd1 e5 31. Be2 Ne4 32. Bc4 Kg7
33. Be2 Qb2 34. Qe1 Nc3 35. Bc4 Nxa2 0-1

[Event "La Pobla de Lillet op"]
[Site "La Pobla de Lillet ESP"]
[Date "2013.08.06"]
[Round "5.2"]
[White "Tarrago Antoni, M.."]
[Black "Movsziszian, K.."]
[Result "0-1"]
[WhiteElo "2251"]
[BlackElo "2502"]
[PlyCount "76"]
[EventDate "2013.08.02"]
[EventType "swiss"]
[EventRounds "9"]
[EventCountry "ESP"]
[SourceTitle "Ajedrez en Madrid"]
[Source "lmi"]
[SourceDate "2020.06.24"]
[SourceVersion "1"]
[SourceVersionDate "2020.06.25"]
[SourceQuality "1"]

1. Nf3 g6 2. g3 Bg7 3. Bg2 d6 4. d4 Nf6 5. c4 O-O 6. Nc3 Nbd7 7. h3 c6 8. Be3
e6 9. O-O Qe7 10. Qb3 h6 11. Qa3 Re8 12. Rac1 g5 13. d5 exd5 14. cxd5 c5 15.
Rfd1 b6 16. Nb5 Nf8 17. Nd2 a6 18. Nc3 N6d7 19. b4 f5 20. Nc4 Ng6 21. bxc5 bxc5
22. Na4 Rb8 23. Bd2 Qf8 24. e3 f4 25. Ba5 Nde5 26. Nab6 fxg3 27. fxg3 g4 28.
Nxc8 Rbxc8 29. Rf1 Qe7 30. Nxe5 Qxe5 31. e4 c4 32. Kh2 c3 33. Rf5 Qd4 34. Qxd6
Ne5 35. Bxc3 Rxc3 36. Rxc3 Qxc3 37. Rxe5 Qxg3+ 38. Kh1 Qxe5 0-1

[Event "La Pobla de Lillet op"]
[Site "La Pobla de Lillet ESP"]
[Date "2013.08.06"]
[Round "5.3"]
[White "Asensio Liñan, T.."]
[Black "Ribera Baztan, J.."]
[Result "1-0"]
[WhiteElo "2158"]
[BlackElo "2117"]
[PlyCount "81"]
[EventDate "2013.08.02"]
[EventType "swiss"]
[EventRounds "9"]
[EventCountry "ESP"]
[SourceTitle "Ajedrez en Madrid"]
[Source "lmi"]
[SourceDate "2020.06.24"]
[SourceVersion "1"]
[SourceVersionDate "2020.06.25"]
[SourceQuality "1"]

1. e4 c5 2. Nf3 Nc6 3. Nc3 Nf6 4. e5 Ng4 5. Qe2 g6 6. h3 Nh6 7. Ne4 Bg7 8. Nxc5
O-O 9. Nb3 a5 10. g3 d6 11. d4 a4 12. Nbd2 Bf5 13. Bg2 dxe5 14. g4 Bxc2 15. Qc4
Rc8 16. Qxc2 Nb4 17. Qxa4 Nc2+ 18. Ke2 Nxa1 19. Nxe5 Nc2 20. Nb3 b5 21. Qa7
Nxd4+ 22. Qxd4 Qxd4 23. Nxd4 Bxe5 24. Nc6 Kg7 25. Nxe5 Rc2+ 26. Kf3 Rfc8 27.
Nd3 e5 28. Re1 f6 29. Kg3 Nf7 30. Bb7 R8c7 31. Be4 Nd6 32. Bd5 e4 33. Bxe4 Re7
34. f3 f5 35. Nb4 Rc4 36. Nd5 Re8 37. b3 Rcc8 38. Bf4 Nf7 39. gxf5 gxf5 40.
Bxf5 Rxe1 41. Bxc8 1-0

[Event "La Pobla de Lillet op"]
[Site "La Pobla de Lillet ESP"]
[Date "2013.08.06"]
[Round "5.4"]
[White "Macaya Ruiz, A.."]
[Black "Maes, W.."]
[Result "1/2-1/2"]
[WhiteElo "2096"]
[BlackElo "2264"]
[PlyCount "57"]
[EventDate "2013.08.02"]
[EventType "swiss"]
[EventRounds "9"]
[EventCountry "ESP"]
[SourceTitle "Ajedrez en Madrid"]
[Source "lmi"]
[SourceDate "2020.06.24"]
[SourceVersion "1"]
[SourceVersionDate "2020.06.25"]
[SourceQuality "1"]

1. d4 Nf6 2. c4 g6 3. Nc3 Bg7 4. e4 d6 5. h3 Nbd7 6. Bg5 e5 7. d5 h6 8. Be3 Nc5
9. Qc2 a5 10. Nf3 Qe7 11. Nd2 O-O 12. Be2 Bd7 13. b3 c6 14. dxc6 bxc6 15. Bxc5
dxc5 16. Na4 Be6 17. O-O Rfd8 18. Nf3 Nh5 19. Rfd1 f5 20. Rxd8+ Rxd8 21. Rd1
Rxd1+ 22. Qxd1 Nf4 23. Bd3 Bf6 24. Bc2 Kg7 25. Qd2 fxe4 26. Bxe4 Bf5 27. Qc2
Bxe4 28. Qxe4 Qd6 29. Nc3 1/2-1/2

[Event "La Pobla de Lillet op"]
[Site "La Pobla de Lillet ESP"]
[Date "2013.08.06"]
[Round "5.5"]
[White "Tejero Royo, F.."]
[Black "Capellades Subirana, M.."]
[Result "0-1"]
[WhiteElo "2119"]
[BlackElo "2250"]
[PlyCount "40"]
[EventDate "2013.08.02"]
[EventType "swiss"]
[EventRounds "9"]
[EventCountry "ESP"]
[SourceTitle "Ajedrez en Madrid"]
[Source "lmi"]
[SourceDate "2020.06.24"]
[SourceVersion "1"]
[SourceVersionDate "2020.06.25"]
[SourceQuality "1"]

1. d4 Nf6 2. c4 e6 3. Nc3 Bb4 4. Bd2 Nc6 5. a3 Bxc3 6. Bxc3 d5 7. e3 Ne4 8. Qc2
O-O 9. Bd3 f5 10. O-O-O b6 11. cxd5 exd5 12. f3 Nxc3 13. Qxc3 Bd7 14. f4 Na5
15. Nf3 Ba4 16. Bc2 Bxc2 17. Kxc2 c5 18. Kb1 c4 19. g4 Qe8 20. gxf5 Qe4+ 0-1

[Event "La Pobla de Lillet op"]
[Site "La Pobla de Lillet ESP"]
[Date "2013.08.06"]
[Round "5.6"]
[White "Travesset Barba, J.."]
[Black "Herreros Fernandez, M.."]
[Result "0-1"]
[WhiteElo "2074"]
[BlackElo "2242"]
[PlyCount "68"]
[EventDate "2013.08.02"]
[EventType "swiss"]
[EventRounds "9"]
[EventCountry "ESP"]
[SourceTitle "Ajedrez en Madrid"]
[Source "lmi"]
[SourceDate "2020.06.24"]
[SourceVersion "1"]
[SourceVersionDate "2020.06.25"]
[SourceQuality "1"]

1. d4 Nf6 2. c4 d6 3. Nc3 Nbd7 4. e4 e5 5. Nf3 Be7 6. Be2 O-O 7. O-O c6 8. Re1
a6 9. Rb1 b5 10. b4 Qc7 11. Qc2 bxc4 12. Bxc4 Nb6 13. Bd3 Bg4 14. dxe5 dxe5 15.
Be3 Rfb8 16. Na4 Nxa4 17. Qxa4 Bxf3 18. gxf3 Qd6 19. Bc5 Qxd3 20. Bxe7 Qxf3 21.
Rb3 Qf4 22. Bxf6 Qxf6 23. Rg3 Rb5 24. a3 g6 25. Rc1 a5 26. Rgc3 Rab8 27. Rxc6
Qg5+ 28. Kf1 axb4 29. axb4 Rxb4 30. Rc8+ Kg7 31. Qe8 Rxc8 32. Rxc8 Rb1+ 33. Ke2
Qg4+ 34. Kd2 Qd1+ 0-1

[Event "La Pobla de Lillet op"]
[Site "La Pobla de Lillet ESP"]
[Date "2013.08.06"]
[Round "5.7"]
[White "Gaona Gonzalez, G.."]
[Black "Simon Padros, E.."]
[Result "0-1"]
[WhiteElo "2031"]
[BlackElo "2221"]
[PlyCount "98"]
[EventDate "2013.08.02"]
[EventType "swiss"]
[EventRounds "9"]
[EventCountry "ESP"]
[SourceTitle "Ajedrez en Madrid"]
[Source "lmi"]
[SourceDate "2020.06.24"]
[SourceVersion "1"]
[SourceVersionDate "2020.06.25"]
[SourceQuality "1"]

1. e4 e6 2. d3 c5 3. Nf3 Nc6 4. g3 g6 5. Bg2 Bg7 6. O-O Nge7 7. Re1 O-O 8. c3
d5 9. e5 h6 10. h4 Nf5 11. Bf4 b5 12. Na3 Rb8 13. Qd2 Kh7 14. Nc2 a5 15. d4 c4
16. Ne3 Nxe3 17. Bxe3 b4 18. Nh2 Ne7 19. Bh3 Nf5 20. Bxf5 exf5 21. f4 Be6 22.
Nf3 Qd7 23. Qc2 Rb6 24. a3 bxc3 25. Qxc3 Qa4 26. Nd2 Rfb8 27. Rab1 Bf8 28. Kf2
Be7 29. Rec1 Qc6 30. Ke2 a4 31. Rc2 Rb5 32. b4 axb3 33. Rxb3 Rxb3 34. Nxb3 Qa4
35. Nd2 Qxa3 36. Qxa3 Bxa3 37. Ra2 Bb2 38. Kd1 Bc3 39. Rc2 Ba5 40. Ra2 Bd8 41.
Kc2 g5 42. hxg5 hxg5 43. Ra1 Kg6 44. Rh1 Be7 45. Rh2 Bd7 46. Nb1 Ba4+ 47. Kc1
Rb3 48. Bf2 Rd3 49. Rh1 c3 0-1

[Event "La Pobla de Lillet op"]
[Site "La Pobla de Lillet ESP"]
[Date "2013.08.06"]
[Round "5.8"]
[White "Ayza Ballester, J.."]
[Black "Van Briemen, WJ.."]
[Result "1-0"]
[WhiteElo "2217"]
[BlackElo "2023"]
[PlyCount "139"]
[EventDate "2013.08.02"]
[EventType "swiss"]
[EventRounds "9"]
[EventCountry "ESP"]
[SourceTitle "Ajedrez en Madrid"]
[Source "lmi"]
[SourceDate "2020.06.24"]
[SourceVersion "1"]
[SourceVersionDate "2020.06.25"]
[SourceQuality "1"]

1. e4 e6 2. d3 d5 3. Nd2 Nf6 4. Ngf3 b6 5. c3 c5 6. Be2 Bb7 7. O-O Nc6 8. Re1
Be7 9. Bf1 O-O 10. e5 Nd7 11. g3 Qc7 12. Qe2 b5 13. Bg2 b4 14. Nf1 a5 15. h4 a4
16. a3 bxa3 17. bxa3 Na5 18. N1h2 Nb3 19. Ra2 Ra6 20. Bf4 Qa5 21. Rc2 Rb6 22.
Ng5 c4 23. dxc4 dxc4 24. Bxb7 Rxb7 25. Qe4 Bxg5 26. Qxb7 Ndc5 27. Qb4 Nd3 28.
Qxa5 Nxa5 29. Re4 Be7 30. Nf3 Bxa3 31. Ra2 Bb2 32. Nd2 a3 33. Nb1 Rc8 34. Nxa3
Bxc3 35. Nxc4 Nxf4 36. Nxa5 Nd5 37. Nc4 Bb4 38. Nb6 Nxb6 39. Rxb4 Nd5 40. Rb7
h5 41. Raa7 Rf8 42. Kg2 g6 43. Ra3 Re8 44. Rab3 Ne7 45. Rb8 Rxb8 46. Rxb8+ Kg7
47. f4 Nf5 48. Rb7 Kg8 49. Kf3 Kg7 50. Rb8 Kh7 51. Rb1 Kg7 52. Rg1 Nh6 53. Ke4
Kf8 54. Kd4 Nf5+ 55. Kc5 Ke7 56. Kc6 Ke8 57. Kc5 Ke7 58. Kc4 Kf8 59. Kd3 Nh6
60. Ke4 Nf5 61. g4 Nxh4 62. Rh1 g5 63. fxg5 Ng6 64. gxh5 Ne7 65. Rf1 Kg8 66.
Rf6 Kg7 67. g6 fxg6 68. Rxe6 Kf7 69. Rxe7+ Kxe7 70. hxg6 1-0

[Event "La Pobla de Lillet op"]
[Site "La Pobla de Lillet ESP"]
[Date "2013.08.06"]
[Round "5.9"]
[White "Germes, A.."]
[Black "Bautista Sanchez, J.."]
[Result "1/2-1/2"]
[WhiteElo "2029"]
[BlackElo "2185"]
[PlyCount "85"]
[EventDate "2013.08.02"]
[EventType "swiss"]
[EventRounds "9"]
[EventCountry "ESP"]
[SourceTitle "Ajedrez en Madrid"]
[Source "lmi"]
[SourceDate "2020.06.24"]
[SourceVersion "1"]
[SourceVersionDate "2020.06.25"]
[SourceQuality "1"]

1. d4 Nf6 2. Nf3 d5 3. Bf4 e6 4. e3 Be7 5. h3 O-O 6. Nbd2 b6 7. Bd3 Bb7 8. Ne5
Nbd7 9. O-O c5 10. c3 a6 11. Qe2 b5 12. a3 c4 13. Bc2 Ne4 14. f3 Nxe5 15. fxe4
Ng6 16. e5 Nxf4 17. exf4 g6 18. Qg4 a5 19. Nf3 Ra6 20. h4 h5 21. Qg3 Kg7 22.
Ng5 Bxg5 23. fxg5 Bc6 24. Rf6 Be8 25. Raf1 Rg8 26. Qf3 Qe7 27. g4 Rh8 28. Qg3
hxg4 29. Bd1 b4 30. Bxg4 bxa3 31. bxa3 Qxa3 32. Qh3 Qe7 33. h5 a4 34. Qf3 a3
35. h6+ Kg8 36. Ra1 Kh7 37. Qe3 Bd7 38. Rf2 Rb8 39. Rfa2 Rb2 40. Qc1 Be8 41.
Bd1 Ra8 42. Kf1 Bc6 43. Be2 1/2-1/2

[Event "La Pobla de Lillet op"]
[Site "La Pobla de Lillet ESP"]
[Date "2013.08.06"]
[Round "5.10"]
[White "Nadal Fajardo, R.."]
[Black "Vinardell Cruañas, S.."]
[Result "0-1"]
[WhiteElo "1889"]
[BlackElo "2165"]
[PlyCount "48"]
[EventDate "2013.08.02"]
[EventType "swiss"]
[EventRounds "9"]
[EventCountry "ESP"]
[SourceTitle "Ajedrez en Madrid"]
[Source "lmi"]
[SourceDate "2020.06.24"]
[SourceVersion "1"]
[SourceVersionDate "2020.06.25"]
[SourceQuality "1"]

1. e4 c5 2. Nf3 d6 3. d4 cxd4 4. Nxd4 Nf6 5. Nc3 g6 6. Be3 Bg7 7. f3 O-O 8. Bc4
Nc6 9. Qd2 Bd7 10. O-O-O Rc8 11. Bb3 Ne5 12. h4 h5 13. Bh6 Nc4 14. Bxc4 Rxc4
15. Bxg7 Kxg7 16. Nd5 Nxd5 17. exd5 b5 18. g4 Rh8 19. g5 Qb6 20. Rhe1 Re8 21.
Qf4 Kg8 22. Qd2 Qb7 23. Nb3 Rec8 24. Kb1 Rxc2 0-1

[Event "La Pobla de Lillet op"]
[Site "La Pobla de Lillet ESP"]
[Date "2013.08.06"]
[Round "5.12"]
[White "Garcia Galeote, L.."]
[Black "Mestre Bellido, H.."]
[Result "0-1"]
[WhiteElo "2009"]
[BlackElo "2312"]
[PlyCount "90"]
[EventDate "2013.08.02"]
[EventType "swiss"]
[EventRounds "9"]
[EventCountry "ESP"]
[SourceTitle "Ajedrez en Madrid"]
[Source "lmi"]
[SourceDate "2020.06.24"]
[SourceVersion "1"]
[SourceVersionDate "2020.06.25"]
[SourceQuality "1"]

1. Nf3 b6 2. g3 Bb7 3. Bg2 Nf6 4. O-O g6 5. c4 Bg7 6. Nc3 O-O 7. d3 c5 8. Rb1
Nc6 9. a3 Nd4 10. e4 d6 11. Bd2 Nd7 12. Nxd4 cxd4 13. Ne2 Nc5 14. Qc2 Bc6 15.
Nc1 f5 16. b4 Nd7 17. f4 e5 18. Nb3 Rc8 19. Qa2 Kh8 20. c5 fxe4 21. dxe4 bxc5
22. bxc5 dxc5 23. Na5 Ba8 24. Nc4 Qe7 25. Qc2 Rce8 26. Rbe1 Qe6 27. f5 gxf5 28.
Bh3 Nb6 29. Nxb6 axb6 30. Bxf5 Qg8 31. g4 Bf6 32. Bh6 Bg7 33. Bc1 Bf6 34. Bh6
Rf7 35. Qd2 Bh4 36. Re2 Rxf5 37. Rxf5 Qxg4+ 38. Rg2 Qxe4 39. Bg7+ Kg8 40. Qa2+
Bd5 41. Qxd5+ Qxd5 42. Rg4 Qf7 43. Bh8+ Qg6 44. Rxg6+ hxg6 45. Rxe5 Rf8 0-1

[Event "La Pobla de Lillet op"]
[Site "La Pobla de Lillet ESP"]
[Date "2013.08.07"]
[Round "6.1"]
[White "Gomez Jurado, LA.."]
[Black "Movsziszian, K.."]
[Result "1/2-1/2"]
[WhiteElo "2297"]
[BlackElo "2502"]
[PlyCount "45"]
[EventDate "2013.08.02"]
[EventType "swiss"]
[EventRounds "9"]
[EventCountry "ESP"]
[SourceTitle "Ajedrez en Madrid"]
[Source "lmi"]
[SourceDate "2020.06.24"]
[SourceVersion "1"]
[SourceVersionDate "2020.06.25"]
[SourceQuality "1"]

1. c4 g6 2. g3 Bg7 3. Nc3 d6 4. Bg2 e5 5. e4 Nc6 6. Nge2 Nge7 7. d3 O-O 8. O-O
Be6 9. Bg5 f6 10. Be3 f5 11. Nd5 Qd7 12. Qd2 Rf7 13. b4 f4 14. gxf4 exf4 15.
Nexf4 Bxa1 16. Rxa1 Bxd5 17. cxd5 Ne5 18. Ne6 c6 19. f4 Ng4 20. Bh3 h5 21. Ng5
Rff8 22. Ne6 Rf7 23. Ng5 1/2-1/2

[Event "La Pobla de Lillet op"]
[Site "La Pobla de Lillet ESP"]
[Date "2013.08.07"]
[Round "6.2"]
[White "Asensio Liñan, T.."]
[Black "Kovacevic, S.."]
[Result "0-1"]
[WhiteElo "2158"]
[BlackElo "2337"]
[PlyCount "134"]
[EventDate "2013.08.02"]
[EventType "swiss"]
[EventRounds "9"]
[EventCountry "ESP"]
[SourceTitle "Ajedrez en Madrid"]
[Source "lmi"]
[SourceDate "2020.06.24"]
[SourceVersion "1"]
[SourceVersionDate "2020.06.25"]
[SourceQuality "1"]

1. e4 c5 2. Nf3 e6 3. c3 Nc6 4. d4 d5 5. e5 Nge7 6. Na3 cxd4 7. cxd4 Nf5 8. Nc2
Qa5+ 9. Bd2 Qb6 10. Bc3 Bd7 11. Bd3 Be7 12. O-O a5 13. Bxf5 exf5 14. Ne3 Be6
15. g3 O-O 16. Qd3 g6 17. Ng2 Rfc8 18. Rfc1 a4 19. h4 Qd8 20. Bd2 Qd7 21. Nf4
Rc7 22. h5 Rac8 23. Kg2 Nb4 24. Rxc7 Nxd3 25. Rxd7 Nxf4+ 26. Bxf4 Bxd7 27. hxg6
hxg6 28. Rc1 a3 29. bxa3 Bxa3 30. Rb1 b5 31. e6 fxe6 32. Ne5 Be8 33. Rd1 Rc2
34. Rd2 Rxd2 35. Bxd2 Bb2 36. Be3 Bc3 37. Kf1 b4 38. Ke2 Bb5+ 39. Kd1 g5 40. f4
g4 41. Bf2 Bc4 42. Be1 Bxd4 43. Nc6 Bf6 44. Nxb4 e5 45. a4 exf4 46. gxf4 Bb3+
47. Kd2 Bxa4 48. Nxd5 Bd8 49. Ke3 Kf7 50. Kd4 Ke6 51. Kc5 Bb3 52. Ne3 Be7+ 53.
Kb5 Bd6 54. Bg3 Ba3 55. Nc4 Bc1 56. Kc5 Bxc4 57. Kxc4 Kd6 58. Bh2 Be3 59. Bg3
Bg1 60. Kc3 Kc5 61. Kd3 Kd5 62. Be1 Bh2 63. Ke3 Kc4 64. Bh4 Bg1+ 65. Ke2 Bc5
66. Be1 Kd4 67. Bf2+ Kd5 0-1

[Event "La Pobla de Lillet op"]
[Site "La Pobla de Lillet ESP"]
[Date "2013.08.07"]
[Round "6.3"]
[White "Capellades Subirana, M.."]
[Black "Ayza Ballester, J.."]
[Result "1/2-1/2"]
[WhiteElo "2250"]
[BlackElo "2217"]
[PlyCount "113"]
[EventDate "2013.08.02"]
[EventType "swiss"]
[EventRounds "9"]
[EventCountry "ESP"]
[SourceTitle "Ajedrez en Madrid"]
[Source "lmi"]
[SourceDate "2020.06.24"]
[SourceVersion "1"]
[SourceVersionDate "2020.06.25"]
[SourceQuality "1"]

1. e4 c5 2. Nf3 e6 3. d4 cxd4 4. Nxd4 a6 5. Bd3 Nf6 6. O-O Qc7 7. Be3 d5 8. f3
Bd6 9. h3 Bc5 10. Bf2 Qb6 11. Nb3 Bxf2+ 12. Rxf2 dxe4 13. Bxe4 Nxe4 14. fxe4
Nd7 15. N1d2 Ne5 16. Qh5 Qc7 17. Nf3 Nxf3+ 18. Qxf3 O-O 19. Nd4 b5 20. Raf1 Qe5
21. Nc6 Qc5 22. Na5 e5 23. Kh2 Qc7 24. b4 Be6 25. Nb3 Bxb3 26. axb3 Rac8 27.
Ra1 Qd6 28. Qe3 Rc6 29. c3 Rfc8 30. Rd2 Qe6 31. Rd5 h6 32. Rc1 Qe7 33. Qg3 Qg5
34. Qxg5 hxg5 35. Rxe5 Rxc3 36. Ra1 R8c6 37. Rc5 R6xc5 38. bxc5 Rxc5 39. Rxa6
Rc3 40. Ra8+ Kh7 41. Ra7 f6 42. e5 fxe5 43. Re7 Rxb3 44. Rxe5 Kg6 45. Rc5 Kf6
46. Rd5 b4 47. Rb5 Kg6 48. Kg1 Kh5 49. Kh2 g6 50. Rb6 g4 51. hxg4+ Kg5 52. g3
Rb1 53. Kh3 Rh1+ 54. Kg2 Rb1 55. Kh3 Rh1+ 56. Kg2 Rb1 57. Kh3 1/2-1/2

[Event "La Pobla de Lillet op"]
[Site "La Pobla de Lillet ESP"]
[Date "2013.08.07"]
[Round "6.4"]
[White "Simon Padros, E.."]
[Black "Herreros Fernandez, M.."]
[Result "1/2-1/2"]
[WhiteElo "2221"]
[BlackElo "2242"]
[PlyCount "22"]
[EventDate "2013.08.02"]
[EventType "swiss"]
[EventRounds "9"]
[EventCountry "ESP"]
[SourceTitle "Ajedrez en Madrid"]
[Source "lmi"]
[SourceDate "2020.06.24"]
[SourceVersion "1"]
[SourceVersionDate "2020.06.25"]
[SourceQuality "1"]

1. e4 Nf6 2. e5 Nd5 3. d4 d6 4. c4 Nb6 5. exd6 exd6 6. Nc3 Be7 7. Bd3 Nc6 8.
Be3 O-O 9. b3 Bf6 10. Nge2 Re8 11. O-O Bg4 1/2-1/2

[Event "La Pobla de Lillet op"]
[Site "La Pobla de Lillet ESP"]
[Date "2013.08.07"]
[Round "6.5"]
[White "Vinardell Cruañas, S.."]
[Black "Tarrago Antoni, M.."]
[Result "1/2-1/2"]
[WhiteElo "2165"]
[BlackElo "2251"]
[PlyCount "24"]
[EventDate "2013.08.02"]
[EventType "swiss"]
[EventRounds "9"]
[EventCountry "ESP"]
[SourceTitle "Ajedrez en Madrid"]
[Source "lmi"]
[SourceDate "2020.06.24"]
[SourceVersion "1"]
[SourceVersionDate "2020.06.25"]
[SourceQuality "1"]

1. e4 c5 2. Nf3 g6 3. d4 cxd4 4. Nxd4 Bg7 5. Nc3 Nc6 6. Be3 Nf6 7. Bc4 Qa5 8.
O-O O-O 9. Bb3 d6 10. h3 Bd7 11. f4 Rfc8 12. Qf3 Qh5 1/2-1/2

[Event "La Pobla de Lillet op"]
[Site "La Pobla de Lillet ESP"]
[Date "2013.08.07"]
[Round "6.6"]
[White "Mestre Bellido, H.."]
[Black "Ribera Baztan, J.."]
[Result "1-0"]
[WhiteElo "2312"]
[BlackElo "2117"]
[PlyCount "61"]
[EventDate "2013.08.02"]
[EventType "swiss"]
[EventRounds "9"]
[EventCountry "ESP"]
[SourceTitle "Ajedrez en Madrid"]
[Source "lmi"]
[SourceDate "2020.06.24"]
[SourceVersion "1"]
[SourceVersionDate "2020.06.25"]
[SourceQuality "1"]

1. Nf3 f5 2. g3 Nf6 3. Bg2 d6 4. d4 g6 5. Nbd2 Bg7 6. O-O O-O 7. c3 Nc6 8. Re1
d5 9. Nb3 e6 10. Bf4 Ne4 11. Qc1 Qe7 12. Ne5 Nxe5 13. Bxe5 Bxe5 14. dxe5 Nc5
15. Nd4 Qg7 16. Qe3 Na6 17. f4 Qe7 18. c4 c6 19. Rec1 Nc7 20. cxd5 exd5 21. Qc3
Be6 22. b4 a6 23. a4 Rac8 24. Qc5 Qd7 25. Rc2 Na8 26. Rac1 Kf7 27. b5 axb5 28.
axb5 Rc7 29. bxc6 bxc6 30. Nxc6 Rfc8 31. Qd6 1-0

[Event "La Pobla de Lillet op"]
[Site "La Pobla de Lillet ESP"]
[Date "2013.08.07"]
[Round "6.7"]
[White "Maes, W.."]
[Black "Germes, A.."]
[Result "1-0"]
[WhiteElo "2264"]
[BlackElo "2029"]
[PlyCount "67"]
[EventDate "2013.08.02"]
[EventType "swiss"]
[EventRounds "9"]
[EventCountry "ESP"]
[SourceTitle "Ajedrez en Madrid"]
[Source "lmi"]
[SourceDate "2020.06.24"]
[SourceVersion "1"]
[SourceVersionDate "2020.06.25"]
[SourceQuality "1"]

1. e4 b6 2. d3 Bb7 3. g3 e6 4. Bg2 d5 5. Nd2 Nf6 6. Ngf3 c5 7. O-O Nc6 8. Re1
Be7 9. c3 b5 10. a3 a5 11. Qe2 O-O 12. e5 Nd7 13. Nf1 b4 14. axb4 axb4 15. Bf4
Qb6 16. h4 Rxa1 17. Rxa1 Ra8 18. Rxa8+ Bxa8 19. N1h2 bxc3 20. bxc3 Bb7 21. Bf1
Qb3 22. Qe1 Ba6 23. Qa1 Qb6 24. h5 Qa5 25. Qc1 Qa2 26. Ng4 Na5 27. h6 Nb3 28.
Qd1 g6 29. Nd2 Nxd2 30. Bxd2 f5 31. exf6 Nxf6 32. Ne5 Bd6 33. Qe1 Ne4 34. Nf3
1-0